000 00863nam a2200253Ia 4500
003 OSt
005 20220923214555.0
006 a|||||r|||| 00| 0
007 ta
008 220922b |||||||| |||| 00| 0 hin d
024 _a170,951
037 _cTextual
040 _aARTS
_cARTS
_bhin
041 _2hin
_ahin
082 _aO152,3N11:g, K5
100 _aचुघ, सत्यपाल
245 0 _aअज्ञेय के उपन्यासों की शिल्प विधि
246 _aAjnyeya ke upanyāsoan kī shilpa vidhi
260 _aदिल्ली
_b दिल्ली पुस्तक सदन
_c1965
300 _a186पृ.
_ccm.
650 _aहिन्दी साहित्य
_9156264
942 _hO152,3N11:g, K5
_cTEXL
_2CC
999 _c325192
_d325192